| 000 | 00712nam a22001577a 4500 | ||
|---|---|---|---|
| 003 | OSt | ||
| 005 | 20151006133045.0 | ||
| 008 | 151006b xxu||||| |||| 00| 0 eng d | ||
| 040 | _cRUA | ||
| 082 | _aAVM ENG 1997 B070 Or.1 | ||
| 100 |
_92153 _aENG, KHEANG. |
||
| 245 | _aEpidemiolgical survey of important infectious diseases in cattle and buffalo in khan russey keo phnom phen, ការអង្គេតស្តីពីជម្ងឺឆ្លងសត្វគោ ក្របីសំខាន់ៗជួបប្រទះ នៅខ័ណ្ឌឬស្សីកែវ រាជធានីភ្នំពេញ. | ||
| 260 |
_aphnom phen _bRUA _c1996 |
||
| 300 |
_a63p. _bill. _c29cm. |
||
| 942 |
_2ddc _cATMSP |
||
| 999 |
_c2024 _d2024 |
||